German life and letters : (Titelsatznr. 11917)
[ MARC ]
| 000 -Satzkennung | |
|---|---|
| Kontrollfeld mit fester Länge | 00627nas a22002171c 4500 |
| 001 - Kontrollnummer | |
| Kontrollfeld | a987681786 |
| 008 - Feld mit fester Länge zur physischen Beschreibung - Allgemeine Angaben | |
| Kontrollfeld mit fester Länge | 060210m1997 gw |||| 000u eng d |
| 022 ## - Internationale Standardseriennummer | |
| Internationale Standardseriennummer | 0016-8777 |
| 041 ## - Sprachcode | |
| Sprachcode des Textes/der Tonspur oder des separaten Titels | eng |
| 040 ## - Katalogisierungsquelle | |
| Übertragungsstelle | RU-10907106 |
| 003 - Kontrollnummer Identifier | |
| Kontrollfeld | RU-10907106 |
| 245 00 - Titel | |
| Titel | German life and letters : |
| Zusatz zum Titel | a quarterly review |
| 246 10 - Titelvarianten | |
| Hauptsachtitel/Kurztitel | German life & letters |
| 264 ## - Produktion, Veröffentlichung, Distribution, Herstellung und Urheberrechtsvermerk | |
| Herstellungs-, Veröffentlichungs- Vertriebs-, Erzeugungsort | Oxford [u.a.] : |
| Produzent, Herausgeber, Distributor, Hersteller | Blackwell Publ., |
| Datum der Herstellung, der Veröffentlichung, des Vertriebs oder des Urheberschutzvermerks | [2006] |
| 362 0# - Erscheinungsdaten und/oder Bandbezeichnung | |
| Datumsangaben der Veröffentlichung und/oder Bandbezeichnung | Nachgewiesen 50.1997 - |
| 500 ## - Allgemeine Fußnote | |
| Allgemeine Fußnote | Online-Angebot nicht frei zugänglich |
| 655 #0 - Indexierungsterm - Genre/Form | |
| Genre/Form oder fokussierter Term | Elektronische Zeitschrift |
| 856 4# - Elektronische Adresse und Zugriff | |
| URL | <a href="https://onlinelibrary.wiley.com/loi/14680483">https://onlinelibrary.wiley.com/loi/14680483</a> |
| 942 ## - Zusätzliche Felder (Koha) | |
| Koha-Medientyp | Zeitschriften |
| 910 00 - USER-OPTION DATA (OCLC) | |
| User-option data | 50.1997- |
| Ausgeschieden | Verloren | Beschädigt | Nicht entleihbar | Heimatbibliothek | Aufenthaltsbibliothek | Aufstellungsort | Erwerbungsdatum | Heft/Jahrgang | Inventarnummer | Signatur | Barcode | Letzte Aktivität | Preis gültig von | Koha-Medientyp |
|---|---|---|---|---|---|---|---|---|---|---|---|---|---|---|
| MWN Osteuropa | MWN Osteuropa | Online-Ressource | 10/02/2006 | 50.1997- | E19-provisorisch | ZS-Online02 | 11919 | 18/03/2021 | 22/03/2021 | Zeitschriften |